[Event "Oberliga Baden 1718"]
[Site "Baden"]
[Date "2017.11.12"]
[Round "3.7"]
[White "Bogdanovich, Grigory Grigorievic"]
[Black "Fischer, Daniel"]
[Result "0-1"]
[WhiteElo "2319"]
[BlackElo "1926"]
[PlyCount "72"]
[EventDate "2017.10.08"]
[EventType "team-tourn"]
[EventRounds "9"]
[EventCountry "GER"]
[SourceTitle "EXT 2019"]
[Source "ChessBase"]
[SourceDate "2018.10.10"]
[SourceVersion "1"]
[SourceVersionDate "2018.10.10"]
[SourceQuality "1"]
[WhiteTeam "Bad Mergentheim"]
[BlackTeam "Dreilaendereck"]
[WhiteTeamCountry "GER"]
[BlackTeamCountry "GER"]

1. d4 Nf6 2. Nf3 d5 3. e3 e6 4. Bd3 Be7 5. Nbd2 0-0 6. b3 b6 7. Bb2 Bb7 8. Ne5 Nbd7 9. Qf3 c5 10. Qh3 g6 11. Rd1 Qc7 12. 0-0 Rfd8 13. Ndf3 Nxe5 14. Nxe5 cxd4 15. exd4 Bf8 16. Rfe1 Bg7 17. Re3 a5 18. a3 Ba6 19. c4 a4 20. Rc1 Rac8 21. Ree1 Qb7 22. bxa4 dxc4 23. Nxc4 Nd5 24. Qf3 Qa7 25. Qd1 Nf4 26. Bf1 Qb7 27. f3 Qd5 28. Ne3 Qb7 29. Rxc8 Qxc8 30. Bb5 Bb7 31. g3 Nh3+ 32. Kg2 Ng5 33. Rf1 e5 34. d5 e4 35. Bxg7 exf3+ 36. Kg1 Kxg7 0-1

[Event "Verbandsliga Nordbaden 1415"]
[Site "Baden"]
[Date "2015.03.01"]
[Round "7.1"]
[White "Schwalfenberg, Joerg"]
[Black "Bogdanovich, Grigory Grigorievic"]
[Result "1/2-1/2"]
[WhiteElo "2307"]
[BlackElo "2333"]
[PlyCount "35"]
[EventDate "2014.10.12"]
[EventType "team-tourn"]
[EventRounds "9"]
[EventCountry "GER"]
[SourceTitle "EXT 2022"]
[Source "ChessBase"]
[SourceDate "2021.10.06"]
[SourceVersion "1"]
[SourceVersionDate "2021.10.06"]
[SourceQuality "1"]
[WhiteTeam "Heidelberg"]
[BlackTeam "Bad Mergentheim II"]
[WhiteTeamCountry "GER"]
[BlackTeamCountry "GER"]

1. d4 b6 2. Nf3 Bb7 3. g3 e6 4. Bg2 f5 5. 0-0 Nf6 6. c4 Be7 7. Nc3 Ne4 8. Qc2 Nxc3 9. Qxc3 Bf6 10. Qe3 0-0 11. Bd2 Qe7 12. Bc3 d6 13. Ne1 Bxg2 14. Nxg2 Nd7 15. Rad1 e5 16. dxe5 Nxe5 17. b3 Rae8 18. Nf4 1/2-1/2

[Event "Oberliga Baden 1314"]
[Site "Germany"]
[Date "2014.02.23"]
[Round "7.6"]
[White "Wuest, Hans Heiner"]
[Black "Bogdanovich, Grigory Grigorievic"]
[Result "0-1"]
[WhiteElo "2106"]
[BlackElo "2332"]
[PlyCount "78"]
[EventDate "2013.10.13"]
[EventType "team-tourn"]
[EventRounds "9"]
[EventCountry "GER"]
[SourceTitle "EXT 2015"]
[Source "ChessBase"]
[SourceDate "2014.11.20"]
[SourceVersion "1"]
[SourceVersionDate "2014.11.20"]
[SourceQuality "1"]
[WhiteTeam "Kirchheim"]
[BlackTeam "Bad Mergentheim"]
[WhiteTeamCountry "GER"]
[BlackTeamCountry "GER"]

1. Nf3 b6 2. g3 Bb7 3. Bg2 e5 4. 0-0 e4 5. Ne1 Nf6 6. d3 d5 7. c4 dxc4 8. Qa4+ Qd7 9. Qxc4 Bd5 10. Qc2 exd3 11. Nxd3 Bxg2 12. Kxg2 Qc6+ 13. Qxc6+ Nxc6 14. Nc3 0-0-0 15. Bf4 Bd6 16. Rfd1 Rhe8 17. Rac1 Kb7 18. f3 Nd4 19. Kf2 a5 20. e3 Nc6 21. e4 Bxf4 22. Nxf4 Ne5 23. Ke2 c6 24. Nd3 Ned7 25. a4 Nf8 26. Kf2 Ng6 27. h4 Rd4 28. b3 Red8 29. Ke3 h5 30. Nb2 Rxd1 31. Rxd1 Rxd1 32. Nbxd1 Kc7 33. Kd4 Nd7 34. f4 Ngf8 35. Ne3 Ne6+ 36. Kc4 g6 37. Nc2 Ndc5 38. b4 axb4 39. Nxb4 Nxa4 0-1

[Event "Basel op"]
[Site "Basel"]
[Date "2014.01.03"]
[Round "4"]
[White "Weidt, Frank"]
[Black "Bogdanovich, Grigory Grigorievic"]
[Result "0-1"]
[WhiteElo "1938"]
[BlackElo "2339"]
[PlyCount "74"]
[EventDate "2014.01.01"]
[EventType "swiss"]
[EventRounds "7"]
[EventCountry "SUI"]
[SourceTitle "CBM 158 Extra"]
[Source "ChessBase"]
[SourceDate "2014.02.28"]
[SourceVersion "1"]
[SourceVersionDate "2014.02.28"]
[SourceQuality "1"]

1. d4 b6 2. e4 Bb7 3. Bd3 Nc6 4. c3 e5 5. d5 Nce7 6. Nf3 Ng6 7. Nbd2 c6 8. Nc4 Qc7 9. 0-0 b5 10. Ne3 Nf6 11. Re1 Bc5 12. Nf5 0-0 13. b4 cxd5 14. bxc5 dxe4 15. Bg5 exf3 16. Bxf6 gxf6 17. Qd2 Kh8 18. Qh6 Rg8 19. Ne7 Qxc5 20. Nxg8 Rxg8 21. Rab1 Qxc3 22. Bxb5 Bd5 23. Rbc1 Qb4 24. Bxd7 Bxa2 25. Bf5 Qf4 26. Qh5 fxg2 27. Rc7 a5 28. Re3 Bc4 29. Be4 Be6 30. Bxg6 Rxg6 31. Rg3 Kg7 32. Qd1 a4 33. Ra7 Bb3 34. Qd8 Qc1+ 35. Kxg2 Bc4 36. Ra8 Bf1+ 37. Kf3 Qf4# 0-1

[Event "Oberliga Baden 1112"]
[Site "Germany"]
[Date "2012.04.15"]
[Round "9.5"]
[White "Kiefhaber, Holger"]
[Black "Bogdanovich, Grigory Grigorievic"]
[Result "1/2-1/2"]
[WhiteElo "2268"]
[BlackElo "2337"]
[PlyCount "28"]
[EventDate "2011.10.02"]
[EventType "team-tourn"]
[EventRounds "9"]
[EventCountry "GER"]
[SourceTitle "EXT 2013"]
[Source "ChessBase"]
[SourceDate "2012.11.22"]
[SourceVersion "1"]
[SourceVersionDate "2012.11.22"]
[SourceQuality "1"]
[WhiteTeam "Karlsruhe"]
[BlackTeam "Bad Mergentheim"]
[WhiteTeamCountry "GER"]
[BlackTeamCountry "GER"]

1. e4 c5 2. c3 Nf6 3. e5 Nd5 4. Nf3 Nc6 5. Bc4 Nb6 6. Bb3 c4 7. Bc2 d5 8. exd6 e5 9. d4 cxd3 10. Qxd3 Qxd6 11. 0-0 Be6 12. Re1 Qxd3 13. Bxd3 0-0-0 14. Bb5 f6 1/2-1/2

[Event "Verbandsliga Nord Baden 0910"]
[Site "Baden"]
[Date "2011.04.17"]
[Round "9.4"]
[White "Wrede, Stefan"]
[Black "Bogdanovich, Grigory Grigorievic"]
[Result "1/2-1/2"]
[WhiteElo "2149"]
[BlackElo "2337"]
[PlyCount "39"]
[EventDate "2010.10.17"]
[EventType "team-tourn"]
[EventRounds "9"]
[EventCountry "GER"]
[SourceTitle "EXT 2012"]
[Source "ChessBase"]
[SourceDate "2011.11.24"]
[SourceVersion "1"]
[SourceVersionDate "2011.11.24"]
[SourceQuality "1"]
[WhiteTeam "Leimen"]
[BlackTeam "Bad Mergentheim"]
[WhiteTeamCountry "GER"]
[BlackTeamCountry "GER"]

1. d4 d5 2. Bf4 Nc6 3. Nf3 Bg4 4. e3 e6 5. c4 Bb4+ 6. Nc3 Nge7 7. Qb3 0-0 8. Be2 dxc4 9. Bxc4 Bxf3 10. gxf3 Nd5 11. Bxd5 exd5 12. 0-0-0 Bxc3 13. Qxc3 Ne7 14. Kb1 c6 15. h4 Ng6 16. Bg3 h5 17. Qd3 Qd7 18. e4 Rfe8 19. Rhe1 Rad8 20. Qd2 1/2-1/2

[Event "Chemnitz op 8th"]
[Site "Chemnitz"]
[Date "2009.10.04"]
[Round "7"]
[White "Sobeck, Guenter"]
[Black "Bogdanovich, Grigory Grigorievic"]
[Result "0-1"]
[WhiteElo "2142"]
[BlackElo "2349"]
[PlyCount "76"]
[EventDate "2009.10.01"]
[EventType "swiss"]
[EventRounds "7"]
[EventCountry "GER"]
[SourceTitle "CBM 132 Extra"]
[Source "ChessBase"]
[SourceDate "2009.11.03"]
[SourceVersion "1"]
[SourceVersionDate "2009.11.03"]
[SourceQuality "1"]

1. Nf3 d5 2. b3 c5 3. Bb2 f6 4. e3 e5 5. d4 cxd4 6. exd4 e4 7. Nfd2 f5 8. c4 Nf6 9. Nc3 Be6 10. cxd5 Nxd5 11. Bb5+ Nc6 12. 0-0 Bd6 13. Nc4 0-0 14. Nxd5 Bxd5 15. Ne3 Ne7 16. Nxd5 Nxd5 17. Bc4 Be7 18. Qe2 Kh8 19. g3 Bf6 20. Rac1 Bg5 21. Rcd1 Rc8 22. Rfe1 Be7 23. Rc1 Bb4 24. Red1 h6 25. a3 Be7 26. b4 a6 27. Bb3 Qd7 28. Rc5 Nb6 29. Qe3 Na4 30. Ba1 Bg5 31. f4 exf3 32. Qxf3 Nxc5 33. dxc5 Qe7 34. Kf2 f4 35. g4 Bf6 36. Bxf6 Qxf6 37. Rd2 Rce8 38. Re2 Re3 0-1

[Event "Chemnitz op 8th"]
[Site "Chemnitz"]
[Date "2009.10.02"]
[Round "2"]
[White "Bogdanovich, Grigory Grigorievic"]
[Black "Moehn, Hans"]
[Result "1/2-1/2"]
[WhiteElo "2349"]
[BlackElo "1971"]
[PlyCount "163"]
[EventDate "2009.10.01"]
[EventType "swiss"]
[EventRounds "7"]
[EventCountry "GER"]
[SourceTitle "CBM 132 Extra"]
[Source "ChessBase"]
[SourceDate "2009.11.03"]
[SourceVersion "1"]
[SourceVersionDate "2009.11.03"]
[SourceQuality "1"]

1. d4 Nf6 2. Nf3 g6 3. c4 Bg7 4. Nc3 d6 5. Bg5 h6 6. Bh4 0-0 7. e3 Bf5 8. Nd2 c5 9. d5 a6 10. Be2 b5 11. cxb5 axb5 12. Bxb5 Bd7 13. Be2 Na6 14. 0-0 Nc7 15. e4 Qb8 16. Qc2 Nb5 17. Nxb5 Bxb5 18. Bxb5 Qxb5 19. f3 g5 20. Be1 Nd7 21. Nc4 Nb6 22. Nxb6 Qxb6 23. Bc3 Rfb8 24. Bxg7 Kxg7 25. Qc3+ Kh7 26. Rf2 Qb4 27. Qc2 Kg7 28. b3 Qd4 29. Rc1 Rb4 30. Qc3 Kf6 31. Kf1 Qxc3 32. Rxc3 Ke5 33. Rd2 Rd4 34. Rcc2 h5 35. Rxd4 Kxd4 36. Ke2 e6 37. Rc4+ Ke5 38. Ra4 Rc8 39. dxe6 fxe6 40. Kd3 d5 41. exd5 exd5 42. h4 Rg8 43. hxg5 Kf5 44. g4+ Kxg5 45. gxh5 Kxh5 46. Rf4 Rd8 47. Rf5+ Kg6 48. Re5 Kf6 49. f4 Rd7 50. Kc3 Rd8 51. a4 Rd7 52. a5 Rd6 53. Kc2 Ra6 54. Rxd5 Rxa5 55. Kc3 Rb5 56. Re5 Rb4 57. Rxc5 Rxf4 58. Rd5 Ke6 59. Rd3 Rf8 60. Kc4 Rc8+ 61. Kb5 Ke5 62. b4 Rb8+ 63. Kc4 Rc8+ 64. Kb3 Rb8 65. Rd1 Ke6 66. Rd2 Ke5 67. Rd7 Ke6 68. Ra7 Kd6 69. Ka4 Kc6 70. Ka5 Rb5+ 71. Ka4 Rb8 72. Ra6+ Kb7 73. Rg6 Rf8 74. Ka5 Kb8 75. Kb6 Re8 76. b5 Rf8 77. Ka6 Re8 78. Rg7 Re6+ 79. b6 Re8 80. Rb7+ Ka8 81. Rc7 Kb8 82. Rg7 1/2-1/2

[Event "Leutersdorf Sparkasse op 13th"]
[Site "Leutersdorf"]
[Date "2009.02.14"]
[Round "5"]
[White "Ksieski, Zbigniew"]
[Black "Bogdanovich, Grigory Grigorievic"]
[Result "1/2-1/2"]
[WhiteElo "2385"]
[BlackElo "2364"]
[PlyCount "20"]
[EventDate "2009.02.13"]
[EventType "swiss"]
[EventRounds "7"]
[EventCountry "GER"]
[SourceTitle "CBM 128 Extra"]
[Source "ChessBase"]
[SourceDate "2009.03.05"]
[SourceVersion "2"]
[SourceVersionDate "2009.03.25"]
[SourceQuality "1"]

1. e4 c5 2. d4 cxd4 3. Nf3 Nf6 4. e5 Nd5 5. Bc4 Nb6 6. Bb3 Nc6 7. Bf4 g6 8. Ng5 e6 9. Ne4 Be7 10. c3 Nd5 1/2-1/2

[Event "Leutersdorf Muench Braeu op 14th"]
[Site "Leutersdorf"]
[Date "2009.02.12"]
[Round "9"]
[White "Bogdanovich, Grigory Grigorievic"]
[Black "Meissner, Felix"]
[Result "1-0"]
[WhiteElo "2364"]
[BlackElo "2125"]
[PlyCount "39"]
[EventDate "2009.02.07"]
[EventType "swiss"]
[EventRounds "9"]
[EventCountry "GER"]
[SourceTitle "CBM 128 Extra"]
[Source "ChessBase"]
[SourceDate "2009.03.05"]
[SourceVersion "2"]
[SourceVersionDate "2009.03.25"]
[SourceQuality "1"]

1. d4 d5 2. Nf3 Nf6 3. e3 c5 4. dxc5 e6 5. a3 Bxc5 6. b4 Be7 7. Bb2 0-0 8. Nbd2 a5 9. b5 Nbd7 10. c4 Nc5 11. Ne5 a4 12. Be2 Qa5 13. 0-0 Rd8 14. Bd4 Nfe4 15. Nxe4 dxe4 16. Bh5 f6 17. Bf7+ Kf8 18. f4 g6 19. Bxg6 hxg6 20. Nxg6+ 1-0

[Event "Leutersdorf Muench Braeu op 14th"]
[Site "Leutersdorf"]
[Date "2009.02.11"]
[Round "8"]
[White "Eichner, Sebastian"]
[Black "Bogdanovich, Grigory Grigorievic"]
[Result "1-0"]
[WhiteElo "2326"]
[BlackElo "2364"]
[PlyCount "99"]
[EventDate "2009.02.07"]
[EventType "swiss"]
[EventRounds "9"]
[EventCountry "GER"]
[SourceTitle "CBM 128 Extra"]
[Source "ChessBase"]
[SourceDate "2009.03.05"]
[SourceVersion "2"]
[SourceVersionDate "2009.03.25"]
[SourceQuality "1"]

1. d4 b6 2. e4 Bb7 3. Bd3 Nc6 4. c3 e5 5. Nf3 exd4 6. cxd4 Nb4 7. Nc3 Nxd3+ 8. Qxd3 Nf6 9. 0-0 Be7 10. e5 Nd5 11. Qe4 c6 12. Nxd5 cxd5 13. Qg4 Kf8 14. Bg5 Rc8 15. Rac1 Rc6 16. Bxe7+ Qxe7 17. Nh4 g6 18. f4 Ke8 19. f5 Kd8 20. Rc3 Rxc3 21. bxc3 Ba6 22. Rf2 Kc8 23. h3 Bc4 24. Nf3 Rf8 25. Ng5 h5 26. Qf4 Bd3 27. Nh7 Rd8 28. fxg6 fxg6 29. Nf6 Qe6 30. Qg3 Bb1 31. Rb2 Bf5 32. Rb5 d6 33. Rxd5 dxe5 34. Rxd8+ Kxd8 35. dxe5 Qxa2 36. Qf3 Qc4 37. Qa8+ Qc8 38. Qxa7 Qc7 39. Qa8+ Qc8 40. Qd5+ Kc7 41. Kh2 Qe6 42. Kg3 Qc6 43. Qd6+ Kb7 44. Nd5 Bd7 45. Qxc6+ Bxc6 46. Nf4 Be4 47. Kh4 Kc6 48. Kg5 Kd7 49. Kf6 Ke8 50. h4 1-0

[Event "Leutersdorf Muench Braeu op 14th"]
[Site "Leutersdorf"]
[Date "2009.02.10"]
[Round "5"]
[White "Wehner, Janis"]
[Black "Bogdanovich, Grigory Grigorievic"]
[Result "1/2-1/2"]
[WhiteElo "2204"]
[BlackElo "2364"]
[PlyCount "42"]
[EventDate "2009.02.07"]
[EventType "swiss"]
[EventRounds "9"]
[EventCountry "GER"]
[SourceTitle "CBM 128 Extra"]
[Source "ChessBase"]
[SourceDate "2009.03.05"]
[SourceVersion "2"]
[SourceVersionDate "2009.03.25"]
[SourceQuality "1"]

1. e4 c5 2. Nc3 Nc6 3. Bb5 Nd4 4. Bc4 e6 5. Nf3 Nf6 6. 0-0 a6 7. a4 d5 8. exd5 exd5 9. Ba2 Bg4 10. Qe1+ Be7 11. Nxd4 cxd4 12. Ne2 d3 13. cxd3 0-0 14. d4 Re8 15. d3 Qb6 16. Nc3 Qxd4 17. Qe3 Bc5 18. Qxd4 Bxd4 19. Bg5 h6 20. Bxf6 Bxf6 21. Bxd5 Red8 1/2-1/2

[Event "Leutersdorf Muench Braeu op 14th"]
[Site "Leutersdorf"]
[Date "2009.02.09"]
[Round "4"]
[White "Bogdanovich, Grigory Grigorievic"]
[Black "Solodovnichenko, Yuri"]
[Result "1/2-1/2"]
[WhiteElo "2364"]
[BlackElo "2591"]
[PlyCount "36"]
[EventDate "2009.02.07"]
[EventType "swiss"]
[EventRounds "9"]
[EventCountry "GER"]
[SourceTitle "CBM 128 Extra"]
[Source "ChessBase"]
[SourceDate "2009.03.05"]
[SourceVersion "2"]
[SourceVersionDate "2009.03.25"]
[SourceQuality "1"]

1. d4 g6 2. Nf3 Bg7 3. e3 d6 4. Be2 Nd7 5. 0-0 e5 6. dxe5 dxe5 7. b4 Ne7 8. Bb2 0-0 9. c4 e4 10. Nd4 c5 11. bxc5 Nxc5 12. Nc3 b6 13. Qc2 Bb7 14. Rfd1 Qb8 15. Nb3 Nd3 16. Bxd3 exd3 17. Qxd3 Rc8 18. Rab1 Bc6 1/2-1/2